Countries with the Most Domino's Locations - Statistics

General Stats
  • This quiz has been taken 131 times
  • The average score is 10 of 12
Answer Stats
# Country % Correct
6,126 United States
100%
1,126 United Kingdom
99%
404 France
95%
520 Canada
94%
334 Germany
93%
760 Mexico
91%
335 Spain
88%
642 Japan
87%
670 Australia
85%
1,325 India
84%
462 South Korea
64%
545 Turkey
52%
No matching quizzes found
Score Distribution
Percent of People with Each Score
Percentile by Number Answered
Your Score History
You have not taken this quiz